000 00405nam a22001217a 4500
008 230606b xxu||||| |||| 00| 0 eng d
082 _a352.36762
_bCAB
110 _bCabinet office Office of the President
245 _aE-Government strategy
_bThe strategic framework, Administrative structure, Training Requirements and standardization framework
250 _aMarch, 2004
300 _a70p
942 _2ddc
_cBK
999 _c613
_d613